000 00452cam a2200193ua 4500
001 4060
008 111220n ii |||gr||||Z||||||asm
020 _a81-7339-282-X
040 _cMAIN
082 _a301
100 _aSaikia, Utpal,
245 1 1 _aSamajtatva parichoy
_cby Utpal Saikia
250 _a4th.
260 _aDibrugarh:
_bBanalata,
_c2011.
300 _a212p:
_c25cm.
653 _aSociology
653 _aSamajtatva parichoy
942 _cBK
999 _c3882
_d3882